000 00691nam a2200265Ia 4500
001 7622
005 20240113234025.0
007 ta
008 050709s1951 g b000 u hin u
020 _cHB
040 _aCotton College Assam
041 _ahin
082 _a891.4309
_bT 737 G
100 _aTripathi, Ram Naresh .
245 0 _aGram Sahitya: 1st Part /
_cRam Naresh Tripathi.
_hTextual Documents
250 _a1st ed. /
260 _aPrayag :
_bHindi Mandir ,
_c1951.
300 _a632p. ;
_c18cm.
653 _aHindi literature-Criticism
653 _aHindi-FolkLiterature
653 _aMS-Hindi
942 _2ddc
_cBK
999 _c7609
_d7609